Phineas and Ferb (Hard) - Statistics

General Stats
  • This quiz has been taken 1,411 times
    1,367 since last reset
  • The average score is 22 of 47
Answer Stats
Question Answer % Correct
Candace has two allergies, name them! Dairy and wild parsnips
93%
Isabella and the campfire girls are in what # troop? 46231 and it’s fireside
81%
If you were Buford, how would you answer Baljeet saying “Brain!” Brawn!
78%
What’s Candace’s middle name? Gertrude
78%
Name the TV show that Baljeet believes to be scientifically accurate (throughout the 2020 movie) Space Adventure
72%
How much was Albert’s pay when he was promoted to “payed intern”? It was Carl, and he still wasn’t paid
67%
(In the 2020 movie) What gift do the boys give Candace to remind her that she’s special? A mug that shows holograms of all their favorite moments with her
63%
When does the midsummers festival occur In the middle of summer
62%
(Finish the quote) Paul Bunyan’s, where the food is good... But not too good, eh?
61%
Doof grew up in what town in what country? Gimmelshtump, Drusselstein
61%
Who’s cover does Dr.D blow when he becomes an agent? Agent silent G (Newton the Gnu)
60%
Why can’t Carl smell anything? He was born without nostrils
60%
Remember Thaddeus and Thor’s names? What about their older sister? Mandy
59%
Candace was planing to name her kids —— and —— Xavier and Amanda
56%
Baljeet was surprised to find —was now a “girl” Mishti
55%
Name the control freak alien who befriended Candace (2020 movie) Super Super Big Doctor
54%
What’s the company Perry becomes the spokes animal for? Totally tools
54%
If you were to describe Pin-head Pierre’s head, what object would you use? (According to the song) A pear
53%
After a mixup at the dry cleaners with —— everyone thinks —— went goth Vanessa/Candace
51%
Which way was Phineas facing when he was wearing a ninja outfit? Left
50%
ancerb ouyerb nderstanduerb erbferb atinlerb? Esyerb
48%
(Finish the line) It’s a Horse in a bookcase! It’s a horse in a bookcase!
47%
Badbeard’s curse for finding his treasure Bad beards
43%
There are no good pictures of—— and —— to put in their scrap book Candace and Jeremy
43%
After losing pet chameleon by this name, the boys come across a convention of men by this name Steve
42%
Explain Klimpaloon IN ORDER The magical•old-timey•bathing-suit• that lives in the Himalayas.
42%
True or False: Stacy knows Perry is a secret agent True
41%
(Finish the line) “While we’re on the subject, meet my friend Davy he was in the navy and...” His hair is wavy
40%
Which leg had Candace injured in “Mommy can You Hear Me?” Right
39%
(Finish the line) “But is it my left eye, or my right eye?” You don’t know
38%
(2020 movie) When Candace tells the alien ship to “Stop! Stop! Stop!” A song starts playing, what band is it by? The LumberZacks
37%
Why won’t Ferb wear suspenders in public? They don’t say
37%
How many “Nerd Word”s does Albert have left? 2
36%
Paul the delivery man has a important package for Mayor Doofenshmirtz containing… Nothing
36%
(The question everyone has wondered) What is Ferb short for? Ferbs
35%
And what is the above song a reference to? Milo Murphy’s Law
35%
What comes after “it’s because of the humidity” in Izzy’s Got the Frizzies Nothing
34%
Why can’t Buford be in a giraffe suit when he’s “runnin’ from love”? He might hit is head
33%
“Don’t forget the fish butt Heinz” You just made that up
33%
The boys trendy platypus themed restaurant is soon surpassed by a —— themed restaurant Badger
29%
What does Laurence say when confronted by the angry Phinedroids and Ferbots He never sees them
29%
As Mrs. Herono admires Ginger’s trophies and awards, speechless Stacy eats a bowl of Soup/noodles
26%
Did Phineas and Ferb EVER on record get busted? Yes, in “Phineas and Ferb quantum boogaloo”
26%
Lindana’s belt has this random word on it Toy
25%
(Max modem sings) She’s got an alien— Haaa (Heart)
24%
Ok, I’m evil... Select the list from “Truck Driving Girl” in order. Tire spinning, gear grinding, clutch burning, backfiring, paint training, red lighting, over heating, throttle stopping, TRUCK DRIVING GIRL!!!!
21%
(Phinedroids and Ferbots sing) Now we’ve learned our lesson... We’re sticking to decaf
18%
No matching quizzes found
Score Distribution
Percent of People with Each Score
Percentile by Number Answered
Your Score History
You have not taken this quiz since the last reset